English for Didactic Purposes of Teaching: textbook

Bibliografiske detaljer
Hovedforfatter: Lemeshko E. Yu. Elena Yurievna
Institution som forfatter: National Research Tomsk Polytechnic University (TPU)
Andre forfattere: Francuzskaya E. O. Evgeniya Olegovna
Summary:Заглавие с титульного экрана
Пособие направлено на формирование устойчивого навыка устной коммуникации на английском языке в ситуациях педагогического общения. Предназначено для слушателей программ повышения квалификации по английскому языку - преподавателей нелингвистических специальностей, сотрудников Томского политехнического университета, осуществляющих образовательную деятельность или планирующих вести занятия на английском языке, в том числе для иностранных студентов, в рамках double degree-программ.
Режим доступа: из корпоративной сети ТПУ
Sprog:engelsk
Udgivet: Томск, Изд-во ТПУ, 2015
Fag:
Online adgang:http://www.lib.tpu.ru/fulltext2/m/2016/m059.pdf
Format: MixedMaterials Electronisk Bog
KOHA link:https://koha.lib.tpu.ru/cgi-bin/koha/opac-detail.pl?biblionumber=317797

MARC

LEADER 00000nlm0a2200000 4500
001 317797
005 20231221114931.0
035 |a (RuTPU)RU\TPU\book\343265 
035 |a RU\TPU\book\343256 
090 |a 317797 
100 |a 20160414d2015 m y0rusy50 ca 
101 0 |a eng 
102 |a RU 
105 |a a j 001zy 
135 |a drcn ---uucaa 
200 1 |a English for Didactic Purposes of Teaching  |d Английский язык для в дидактических целях обеспечения учебного процесса  |e textbook  |f E. Yu. Lemeshko, E. O. Francuzskaya  |g National Research Tomsk Polytechnic University (TPU) 
203 |a Text  |c electronic 
210 |a Томск  |c Изд-во ТПУ  |d 2015 
300 |a Заглавие с титульного экрана 
330 |a Пособие направлено на формирование устойчивого навыка устной коммуникации на английском языке в ситуациях педагогического общения. Предназначено для слушателей программ повышения квалификации по английскому языку - преподавателей нелингвистических специальностей, сотрудников Томского политехнического университета, осуществляющих образовательную деятельность или планирующих вести занятия на английском языке, в том числе для иностранных студентов, в рамках double degree-программ. 
333 |a Режим доступа: из корпоративной сети ТПУ 
337 |a Adobe Reader 
510 1 |a Английский язык для в дидактических целях обеспечения учебного процесса  |z rus 
606 1 |a Английский язык  |x Учебные руководства и пособия  |x Учебные руководства и пособия для высшей школы  |2 stltpush  |3 (RuTPU)RU\TPU\subj\29071  |9 52483 
610 1 |a электронный ресурс 
610 1 |a труды учёных ТПУ 
610 1 |a учебные пособия 
610 1 |a английский язык 
610 1 |a коммуникация 
610 1 |a дидактический материал 
610 1 |a компетенции 
610 1 |a образовательная среда 
610 1 |a Moodle 
686 |a Ш143.21-923  |2 rubbk 
700 1 |a Lemeshko  |b E. Yu.  |c Linguist  |c Senior Lecturer of Tomsk Polytechnic University  |f 1976-  |g Elena Yurievna  |3 (RuTPU)RU\TPU\pers\33599  |9 17257 
701 1 |a Francuzskaya  |b E. O.  |c linguist  |c Senior Lecturer of Tomsk Polytechnic University  |f 1980-  |g Evgeniya Olegovna  |3 (RuTPU)RU\TPU\pers\33395 
712 0 2 |a National Research Tomsk Polytechnic University (TPU)  |3 (RuTPU)RU\TPU\col\18773 
801 1 |a RU  |b 63413507  |c 20150819 
801 2 |a RU  |b 63413507  |c 20160621  |g RCR 
856 4 |u http://www.lib.tpu.ru/fulltext2/m/2016/m059.pdf 
942 |c CF